• 首页
  • 本馆介绍
  • 公告通知
  • 最新文献
  • 馆藏检索
  • 电子资源
  • 读者导购
  • 参考咨询
  • 我的图书馆
  • 登录
  • 详细信息显示
  • 放入我的书架
  • 预约/预借图书
  • 作者相关作品
  • 分类相关作品
  • 丛书相关作品
  • 出版社相关作品

书目信息

  • 表格格式
  • 工作单格式
  • 卡片格式
题名:
化学化工专业英语
    
 
作者: 张裕平 , 姚树文 , 龚文君 主编
分册:  
出版信息: 北京   化学工业出版社  2014
页数: 259页
开本: 26cm
丛书名:
单 册:
中图分类: TQ-43 , H319.39
科图分类:
主题词: 化学--hua xue--英语--高等学校--教材 , 化学工业--hua xue gong ye--英语--高等学校--教材
电子资源:
ISBN: 978-7-122-19993-5
000 01341nam0 2200349 45
001 012001002010
005 20191122092709.78
010    @a978-7-122-19993-5@dCNY39.80
099    @aCAL 012014086539
100    @a20140707d2014 em y0chiy50 ea
101 0  @achi@aeng
102    @aCN@b110000
105    @aa a 000yy
106    @ar
200 1  @a化学化工专业英语@Ahua xue hua gong zhuan ye ying yu@f张裕平, 姚树文, 龚文君主编
205    @a第2版
210    @a北京@c化学工业出版社@d2014
215    @a259页@c图@d26cm
300    @a高等学校教材
312    @a英文题名取自封面
320    @a有书目
330    @a本书先是概括性的学科描述性短文,宏观介绍化学化工学科的特点以及各化学二级学科、实验室工作的特点;然后是描述化工过程单元操作及基础化工知识的短文;最后是代表性精读文章,内容涉及普通化学、无机化学、有机化学、分析化学、物理化学、生物化学及材料化学等内容;最后为化学专业术语,并进行了简单解释。
510 1  @aEnglish for chemistry and chemical engineering@zeng
606 0  @a化学@Ahua xue@x英语@x高等学校@j教材
606 0  @a化学工业@Ahua xue gong ye@x英语@x高等学校@j教材
690    @aTQ-43@v5
690    @aH319.39@v5
701  0 @a张裕平@Azhang yu ping@4主编
701  0 @a姚树文@Ayao shu wen@4主编
701  0 @a龚文君@Agong wen jun@4主编
801  0 @aCN@b北京卓展@c20191020
905    @b1199429-32@dTQ-43@e35=2@f4
    
    化学化工专业英语/张裕平, 姚树文, 龚文君主编.-第2版.-北京:化学工业出版社,2014
    259页:图;26cm
    高等学校教材
    
    ISBN 978-7-122-19993-5:CNY39.80
    本书先是概括性的学科描述性短文,宏观介绍化学化工学科的特点以及各化学二级学科、实验室工作的特点;然后是描述化工过程单元操作及基础化工知识的短文;最后是代表性精读文章,内容涉及普通化学、无机化学、有机化学、分析化学、物理化学、生物化学及材料化学等内容;最后为化学专业术语,并进行了简单解释。
●
相关链接 在E读中查询图书 在五车中查询图书 在当当中查询图书 在豆瓣中查询图书


正题名:化学化工专业英语     索取号:TQ-43/35=2         预约/预借

序号 登录号 条形码 馆藏地/架位号 状态 备注
1 1199429   211994298   第二样本阅览室/ [索取号:TQ-43/35=2] 在馆    
2 1199430   211994305   第三借阅区/ [索取号:TQ-43/35=2] 在馆    
3 1199431   211994314   第三借阅区/ [索取号:TQ-43/35=2] 在馆    
4 1199432   211994323   第三借阅区/ [索取号:TQ-43/35=2] 在馆    
唐山师范学院图书馆 欢迎您!
大连网信软件有限公司© 版权所有